Reflexiones por el deporte /
Descripción Física:
Il·lustracions
Colección:
San Jorge,
; núm. 21 (gener 1956), pàg 8-23
Materias:
Esports -- Història
Idioma:
Español
MARC
| LEADER | 00000naa a2200000 a 4500 | ||
|---|---|---|---|
| 003 | Arxiu | ||
| 005 | 20260324181030.0 | ||
| 008 | 160829s1956 spcaxx s spa c | ||
| 040 | |a AGDB | ||
| 100 | 1 | |a Molist Pol, Esteban, |d 1923-2021 |9 25918 | |
| 245 | 1 | 0 | |a Reflexiones por el deporte / |c por Esteban Molist Pol |
| 300 | |b Il·lustracions | ||
| 490 | |a San Jorge, |v núm. 21 (gener 1956), pàg 8-23 | ||
| 650 | |a Esports |x Història |9 42842 | ||
| 773 | |g Núm. 21 (gener 1956), pàg 8-23 |t San Jorge. | ||
| 901 | |a Arxiu | ||
| 942 | |n 1 |2 udc |c ART | ||
| 952 | |0 0 |1 0 |4 0 |6 REV511 |7 1 |9 65459 |a Arxiu |b Arxiu |d 2023-03-06 |l 0 |o Rev-511 |r 2023-03-06 00:00:00 |w 2023-03-06 |y ARXIU |z També disponible a Rev-525 | ||
| 999 | |c 46401 |d 46401 | ||